[Event "Olympiad-44"]
[Site "Chennai"]
[Date "2022.08.08"]
[Round "10.1"]
[White "Nassr, Ali"]
[Black "Kantans, Toms"]
[Result "0-1"]
[WhiteElo "2263"]
[BlackElo "2486"]
[PlyCount "132"]
[EventDate "2022.07.29"]
[EventType "team-swiss"]
[EventRounds "11"]
[EventCountry "IND"]
[SourceTitle "CBM 210"]
[Source "ChessBase"]
[SourceDate "2022.10.31"]
[SourceVersion "1"]
[SourceVersionDate "2022.10.31"]
[SourceQuality "1"]
[WhiteTeam "Algeria"]
[BlackTeam "Latvia"]
[WhiteTeamCountry "ALG"]
[BlackTeamCountry "LAT"]

1. d4 Nf6 2. Bf4 g6 3. Nf3 Bg7 4. e3 d6 5. h3 0-0 6. Be2 c5 7. c3 cxd4 8. exd4 Qb6 9. Qb3 Qc7 10. 0-0 Nc6 11. Nbd2 e5 12. dxe5 dxe5 13. Bh2 Be6 14. Qa4 a6 15. Ne4 Nxe4 16. Qxe4 f5 17. Qc2 Bf6 18. Rfe1 Rac8 19. Qa4 Qf7 20. Nd2 Rfd8 21. Rad1 e4 22. Bc4 Bxc4 23. Qxc4 b5 24. Qxf7+ Kxf7 25. Bf4 g5 26. Bh2 b4 27. Nc4 bxc3 28. bxc3 Bxc3 29. Rf1 Bb4 30. Rb1 f4 31. g3 Rd3 32. gxf4 gxf4 33. Bxf4 Rxh3 34. Bg3 Rh6 35. Rfc1 Rg8 36. Kg2 Re6 37. a3 Be7 38. Rb6 Nd4 39. Rxe6 Nxe6 40. Ne5+ Kf6 41. Nd7+ Kf5 42. Rc6 a5 43. Ra6 Bd8 44. Rc6 Bc7 45. Nc5 Bxg3 46. fxg3 Nf4+ 47. Kf2 e3+ 48. Kxe3 Rxg3+ 49. Kd2 h5 50. Rh6 Rxa3 51. Ke1 Rc3 52. Na4 Rc4 53. Nb2 Rb4 54. Nd1 a4 55. Ra6 h4 56. Kf2 Nd5 57. Ra5 Ke4 58. Ra8 h3 59. Kg3 Rb3+ 60. Kh2 Nb6 61. Re8+ Kd4 62. Rd8+ Kc4 63. Re8 a3 64. Re2 Nd5 65. Rc2+ Kb4 66. Rd2 Ne3 0-1

[Event "Olympiad-44"]
[Site "Chennai"]
[Date "2022.07.30"]
[Round "2.1"]
[White "Nassr, Ali"]
[Black "Chinasamy, Devarajen"]
[Result "1-0"]
[WhiteElo "2263"]
[BlackElo "1970"]
[PlyCount "69"]
[EventDate "2022.07.29"]
[EventType "team-swiss"]
[EventRounds "11"]
[EventCountry "IND"]
[SourceTitle "CBM 210"]
[Source "ChessBase"]
[SourceDate "2022.10.31"]
[SourceVersion "1"]
[SourceVersionDate "2022.10.31"]
[SourceQuality "1"]
[WhiteTeam "Algeria"]
[BlackTeam "Mauritius"]
[WhiteTeamCountry "ALG"]
[BlackTeamCountry "MRI"]

1. d4 d5 2. c4 c6 3. Nc3 Nf6 4. Nf3 a6 5. cxd5 cxd5 6. Bf4 Nc6 7. e3 Bg4 8. h3 Bf5 9. Bd3 Bxd3 10. Qxd3 e6 11. 0-0 Be7 12. Rac1 0-0 13. a3 Rc8 14. Na4 Ne4 15. b4 b5 16. Nc5 Nxc5 17. dxc5 f6 18. Qb3 Kh8 19. Rcd1 Qe8 20. Rfe1 Qf7 21. Bg3 Ne5 22. e4 Nxf3+ 23. Qxf3 dxe4 24. Qxe4 e5 25. Rd7 Rcd8 26. Red1 Rxd7 27. Rxd7 Qe6 28. Ra7 Rb8 29. Ra8 Qc8 30. Rxb8 Qxb8 31. Qc6 h6 32. Qxa6 Bd8 33. a4 bxa4 34. Qxa4 f5 35. Qe8+ 1-0

[Event "Arab-ch"]
[Site "Dubai"]
[Date "2021.12.01"]
[Round "8"]
[White "Elier, Ali"]
[Black "Nassr, Ali"]
[Result "1/2-1/2"]
[WhiteElo "2103"]
[BlackElo "2269"]
[PlyCount "45"]
[EventDate "2021.11.26"]
[EventType "swiss"]
[EventRounds "9"]
[EventCountry "UAE"]
[SourceTitle "CBM 205 Extra"]
[Source "ChessBase"]
[SourceDate "2022.01.31"]
[SourceVersion "1"]
[SourceVersionDate "2022.01.31"]
[SourceQuality "1"]

1. e4 c5 2. d4 cxd4 3. c3 Nf6 4. e5 Nd5 5. Bc4 Nb6 6. Bb3 d6 7. exd6 Qxd6 8. Nf3 e6 9. 0-0 Be7 10. Nxd4 Bd7 11. Qf3 0-0 12. Rd1 Qc7 13. Bf4 Qc8 14. Qg3 Ba4 15. Be5 g6 16. Nd2 Bxb3 17. axb3 N8d7 18. Ne4 Nxe5 19. Qxe5 a6 20. Rd3 Qb8 21. Nf6+ Bxf6 22. Qxf6 Nd5 23. Qh4 1/2-1/2

[Event "Arab-ch"]
[Site "Dubai"]
[Date "2021.11.29"]
[Round "6"]
[White "Hamed, Mohamed1111"]
[Black "Nassr, Ali"]
[Result "0-1"]
[WhiteElo "2060"]
[BlackElo "2269"]
[PlyCount "64"]
[EventDate "2021.11.26"]
[EventType "swiss"]
[EventRounds "9"]
[EventCountry "UAE"]
[SourceTitle "CBM 205 Extra"]
[Source "ChessBase"]
[SourceDate "2022.01.31"]
[SourceVersion "1"]
[SourceVersionDate "2022.01.31"]
[SourceQuality "1"]

1. d4 d5 2. Nf3 Nf6 3. g3 Bf5 4. Bg2 e6 5. 0-0 Be7 6. c4 c6 7. Qb3 Qb6 8. c5 Qa6 9. Nc3 b6 10. cxb6 axb6 11. Bg5 h6 12. Bxf6 Bxf6 13. Ne5 Bxe5 14. dxe5 Bg6 15. Rfd1 0-0 16. e4 Nd7 17. exd5 cxd5 18. Bf1 Qa5 19. Re1 d4 20. Nb5 d3 21. a4 Rac8 22. Qa3 d2 23. Red1 Nxe5 24. b4 Qa8 25. f4 Nf3+ 26. Kf2 Nxh2 27. Rxd2 Rfd8 28. Rad1 Rxd2+ 29. Rxd2 Nxf1 30. Kxf1 Qh1+ 31. Ke2 Qg2+ 32. Ke1 Rc1+ 0-1

[Event "Arab-ch"]
[Site "Dubai"]
[Date "2021.11.27"]
[Round "3"]
[White "Bellahcene, Bilel"]
[Black "Nassr, Ali"]
[Result "1-0"]
[WhiteElo "2512"]
[BlackElo "2269"]
[PlyCount "93"]
[EventDate "2021.11.26"]
[EventType "swiss"]
[EventRounds "9"]
[EventCountry "UAE"]
[SourceTitle "CBM 205 Extra"]
[Source "ChessBase"]
[SourceDate "2022.01.31"]
[SourceVersion "1"]
[SourceVersionDate "2022.01.31"]
[SourceQuality "1"]

1. e4 c5 2. Nf3 e6 3. d4 cxd4 4. Nxd4 Nc6 5. Nc3 a6 6. Be3 Nf6 7. a3 d5 8. exd5 exd5 9. Be2 Be7 10. h3 0-0 11. Qd2 Ne4 12. Nxc6 bxc6 13. Nxe4 dxe4 14. 0-0-0 Qc7 15. Bd4 c5 16. Bc3 Rd8 17. Qe3 Bb7 18. Kb1 h6 19. Bc4 Bg5 20. Qe2 Qf4 21. Qh5 Kf8 22. h4 g6 23. Qe2 Bf6 24. g3 Qf5 25. g4 Qf4 26. Bxf6 Qxf6 27. Qe3 Kg7 28. g5 hxg5 29. hxg5 Qf3 30. Qxf3 exf3 31. Rhe1 Kf8 32. Kc1 Rac8 33. Rxd8+ Rxd8 34. Re5 Rc8 35. Kd2 Rc7 36. Ke3 Kg7 37. Kf4 a5 38. a4 Bc8 39. Re8 Bf5 40. c3 Rb7 41. Bb5 f6 42. gxf6+ Kxf6 43. Ra8 Re7 44. Rxa5 Re2 45. Ra6+ Kg7 46. Kxf3 Rxb2 47. Rc6 1-0

[Event "Arab-ch"]
[Site "Dubai"]
[Date "2021.11.26"]
[Round "1"]
[White "Ali Abdullahi, Farah"]
[Black "Nassr, Ali"]
[Result "0-1"]
[WhiteElo "1972"]
[BlackElo "2269"]
[PlyCount "96"]
[EventDate "2021.11.26"]
[EventType "swiss"]
[EventRounds "9"]
[EventCountry "UAE"]
[SourceTitle "CBM 205 Extra"]
[Source "ChessBase"]
[SourceDate "2022.01.31"]
[SourceVersion "1"]
[SourceVersionDate "2022.01.31"]
[SourceQuality "1"]

1. d4 d5 2. c4 e6 3. Nc3 Nf6 4. Nf3 Be7 5. Bg5 0-0 6. e3 a6 7. a3 Nbd7 8. Bd3 dxc4 9. Bxc4 b5 10. Be2 c5 11. 0-0 Bb7 12. Rc1 Qb6 13. dxc5 Nxc5 14. b4 Nce4 15. Nxe4 Bxe4 16. Qd4 Qb7 17. Rfd1 h6 18. Bh4 Rfd8 19. Qb2 Nd5 20. Bxe7 Nxe7 21. Ne1 Nf5 22. Bf3 Bxf3 23. Nxf3 Rxd1+ 24. Rxd1 Rc8 25. Rc1 Nd6 26. Nd2 Rxc1+ 27. Qxc1 Qd5 28. Qc2 g6 29. h3 Kf8 30. Kf1 Ke8 31. f3 Kd7 32. Ke2 Qg5 33. Kf2 Qe5 34. Qd3 Qb2 35. f4 Ke7 36. Kf3 Qc1 37. Qd4 Qxa3 38. Ke2 Qa2 39. e4 Qc2 40. Qa7+ Kf8 41. Qb8+ Nc8 42. Qb7 Ne7 43. Qxa6 Nc6 44. Qa8+ Kg7 45. Qa1+ Kh7 46. Qf6 Kg8 47. g4 e5 48. fxe5 Nd4+ 0-1

[Event "Africa-ch"]
[Site "Lilongwe"]
[Date "2021.05.19"]
[Round "2"]
[White "Nassr, Ali"]
[Black "Hesham, Abdelrahman"]
[Result "1/2-1/2"]
[WhiteElo "2232"]
[BlackElo "2400"]
[PlyCount "36"]
[EventDate "2021.05.18"]
[EventType "swiss"]
[EventRounds "9"]
[EventCountry "MWI"]
[SourceTitle "CBM 202 Extra"]
[Source "ChessBase"]
[SourceDate "2021.07.31"]
[SourceVersion "1"]
[SourceVersionDate "2021.07.31"]
[SourceQuality "1"]

1. d4 Nf6 2. Nf3 g6 3. Bf4 Bg7 4. h3 c5 5. e3 Qb6 6. Nc3 0-0 7. Rb1 Qa5 8. Qd2 d6 9. Be2 cxd4 10. exd4 Nc6 11. d5 Nb4 12. Bc4 b5 13. Bb3 Na6 14. a3 Nc5 15. Ba2 b4 16. axb4 Qxb4 17. 0-0 a6 18. Rfe1 Re8 1/2-1/2

[Event "Algiers Selection op"]
[Site "Algiers"]
[Date "2020.03.13"]
[Round "3"]
[White "Benkiar, Djamel"]
[Black "Nassr, Ali"]
[Result "1/2-1/2"]
[WhiteElo "1965"]
[BlackElo "2183"]
[PlyCount "39"]
[EventDate "2020.03.13"]
[EventType "swiss"]
[EventRounds "7"]
[EventCountry "ALG"]
[SourceTitle "CBM 195 Extra"]
[Source "ChessBase"]
[SourceDate "2020.05.31"]
[SourceVersion "1"]
[SourceVersionDate "2020.05.31"]
[SourceQuality "1"]

1. e4 c5 2. Nf3 e6 3. c3 Nf6 4. e5 Nd5 5. d4 cxd4 6. cxd4 Nc6 7. Nc3 Nxc3 8. bxc3 d6 9. exd6 Bxd6 10. Bd3 h6 11. 0-0 0-0 12. Re1 Ne7 13. Ne5 Nd5 14. Qh5 Nf6 15. Qh3 Nd5 16. Bxh6 gxh6 17. Qxh6 f5 18. Qg6+ Kh8 19. Qh6+ Kg8 20. Ng6 1/2-1/2

[Event "Arab-chT op"]
[Site "Hammamet"]
[Date "2019.03.04"]
[Round "3.2"]
[White "Eiti, Bashir"]
[Black "Nassr, Ali"]
[Result "1-0"]
[WhiteElo "2316"]
[BlackElo "2259"]
[PlyCount "59"]
[EventDate "2019.03.03"]
[EventType "team-swiss"]
[EventRounds "7"]
[EventCountry "TUN"]
[SourceTitle "EXT 2024"]
[Source "ChessBase"]
[SourceDate "2023.10.10"]
[SourceVersion "1"]
[SourceVersionDate "2023.10.10"]
[SourceQuality "1"]
[WhiteTeam "Syria"]
[BlackTeam "Algeria"]
[WhiteTeamCountry "SYR"]
[BlackTeamCountry "ALG"]

1. d4 Nf6 2. Bf4 e6 3. Nd2 c5 4. e3 Nc6 5. c3 d5 6. Ngf3 Bd6 7. Bg3 0-0 8. Bd3 Re8 9. Ne5 Bxe5 10. dxe5 Nd7 11. Nf3 c4 12. Bc2 b5 13. 0-0 Bb7 14. Nd4 Qb6 15. Qh5 g6 16. Qg5 Qd8 17. Qh6 Ncxe5 18. Nxb5 Qb6 19. Nd4 Nd3 20. Nf3 e5 21. b3 Qf6 22. Rfd1 N7c5 23. Rab1 Ba6 24. bxc4 dxc4 25. Ng5 Qg7 26. Qh4 e4 27. Bd6 h6 28. Nh3 Nb7 29. Bxd3 cxd3 30. Bb4 1-0

[Event "Arab CC-chT op"]
[Site "Hammamet"]
[Date "2019.02.27"]
[Round "3.2"]
[White "Nassr, Ali"]
[Black "Abdulwahhab, Ahmed Abdulsattar"]
[Result "1-0"]
[WhiteElo "2259"]
[BlackElo "2262"]
[PlyCount "113"]
[EventDate "2019.02.26"]
[EventType "swiss"]
[EventRounds "7"]
[EventCountry "TUN"]
[SourceTitle "EXT 2024"]
[Source "ChessBase"]
[SourceDate "2023.10.10"]
[SourceVersion "1"]
[SourceVersionDate "2023.10.10"]
[SourceQuality "1"]
[WhiteTeam "Sporting Bel Abbes"]
[BlackTeam "Communication SC"]
[WhiteTeamCountry "ALG"]
[BlackTeamCountry "IRQ"]

1. d4 Nf6 2. Nf3 g6 3. Bf4 Bg7 4. e3 d6 5. h3 0-0 6. Be2 Nbd7 7. 0-0 Qe8 8. c3 e5 9. Bh2 Qe7 10. a4 e4 11. Nfd2 Re8 12. Na3 Nf8 13. b4 h5 14. c4 Bf5 15. Nb5 Qd7 16. Rb1 a6 17. Nc3 N8h7 18. c5 d5 19. b5 axb5 20. Nxb5 Rec8 21. Qb3 Bf8 22. Rfc1 c6 23. Nc3 h4 24. Qxb7 Qe6 25. a5 Rxa5 26. Ba6 Rxa6 27. Qxa6 Ng5 28. Ne2 Nh5 29. Nf4 Nxf4 30. Bxf4 Nh7 31. Rb6 g5 32. Bd6 g4 33. hxg4 Bxg4 34. Rxc6 Rxc6 35. Qxc6 h3 36. Qc7 hxg2 37. Bxf8 Nxf8 38. Qg3 Ng6 39. c6 Bf5 40. c7 Qa6 41. Qg5 Bc8 42. Kxg2 Qe6 43. Rh1 Kg7 44. Nf1 Qg4+ 45. Qxg4 Bxg4 46. Ng3 Kf6 47. Nh5+ Ke7 48. Nf4 Nxf4+ 49. exf4 Kd6 50. Rc1 Bc8 51. f5 Kd7 52. Rc5 Bb7 53. Kg3 Kc8 54. Kg4 Ba6 55. Kg5 Be2 56. Kf6 Bg4 57. Ke5 1-0

[Event "Arab-ch"]
[Site "Dubai"]
[Date "2018.12.01"]
[Round "5"]
[White "Tissir, Mohamed"]
[Black "Nassr, Ali"]
[Result "1-0"]
[WhiteElo "2387"]
[BlackElo "2263"]
[PlyCount "63"]
[EventDate "2018.11.28"]
[EventType "swiss"]
[EventRounds "9"]
[EventCountry "UAE"]
[SourceTitle "CBM 187 Extra"]
[Source "ChessBase"]
[SourceDate "2018.11.04"]
[SourceVersion "1"]
[SourceVersionDate "2018.11.04"]
[SourceQuality "1"]

1. e4 c5 2. Nc3 e6 3. Nf3 Nc6 4. d4 cxd4 5. Nxd4 Nf6 6. a3 d6 7. f4 Qc7 8. Nf3 a6 9. Bd3 b5 10. 0-0 Bb7 11. Qe1 Be7 12. Kh1 0-0 13. e5 Nd7 14. exd6 Qxd6 15. Ne4 Qc7 16. b4 Rae8 17. Bb2 f5 18. Qg3 Nf6 19. Neg5 Bd6 20. Ne5 Bxe5 21. fxe5 Nd5 22. c4 bxc4 23. Bxc4 Na7 24. Rac1 Qe7 25. Bd4 Nc8 26. Bc5 Qd7 27. Bxf8 Rxf8 28. Qd3 Qe7 29. Bxa6 Nf4 30. Rxf4 Qxg5 31. Bxb7 Qxf4 32. Qc4 1-0

[Event "Arab-ch"]
[Site "Dubai"]
[Date "2018.11.28"]
[Round "1"]
[White "Salem, AR Saleh"]
[Black "Nassr, Ali"]
[Result "1-0"]
[WhiteElo "2660"]
[BlackElo "2263"]
[PlyCount "47"]
[EventDate "2018.11.28"]
[EventType "swiss"]
[EventRounds "9"]
[EventCountry "UAE"]
[SourceTitle "CBM 187 Extra"]
[Source "ChessBase"]
[SourceDate "2018.11.04"]
[SourceVersion "1"]
[SourceVersionDate "2018.11.04"]
[SourceQuality "1"]

1. d4 Nf6 2. c4 e6 3. Nf3 Bb4+ 4. Nbd2 0-0 5. a3 Bxd2+ 6. Qxd2 d6 7. Qc2 Qe7 8. Bg5 h6 9. Bh4 e5 10. e3 Bg4 11. dxe5 dxe5 12. h3 Bxf3 13. gxf3 Nbd7 14. Rg1 e4 15. 0-0-0 Ne5 16. fxe4 Nf3 17. Bxf6 Qxf6 18. Rg3 Rad8 19. Rd5 Nh4 20. e5 Qe6 21. Qe4 Ng6 22. f4 Ne7 23. Bd3 g6 24. f5 1-0

[Event "Chefchaouen op 17th"]
[Site "Chefchaouen"]
[Date "2018.07.29"]
[Round "9"]
[White "Chennaoui, Yasin"]
[Black "Nassr, Ali"]
[Result "1/2-1/2"]
[WhiteElo "2055"]
[BlackElo "2250"]
[PlyCount "52"]
[EventDate "2018.07.23"]
[EventType "swiss"]
[EventRounds "9"]
[EventCountry "MAR"]
[SourceTitle "EXT 2020"]
[Source "ChessBase"]
[SourceDate "2019.10.17"]
[SourceVersion "1"]
[SourceVersionDate "2019.10.17"]
[SourceQuality "1"]

1. c4 Nf6 2. Nf3 e6 3. b3 b6 4. Bb2 Bb7 5. e3 Be7 6. Be2 0-0 7. 0-0 c5 8. Nc3 Nc6 9. a3 a6 10. h3 Qc7 11. Rc1 Rfd8 12. Qc2 Rac8 13. Rfd1 d5 14. cxd5 Nxd5 15. Nxd5 Rxd5 16. Qb1 Qd8 17. d4 cxd4 18. Nxd4 Nxd4 19. Rxd4 Rxd4 20. Rxc8 Qxc8 21. Bxd4 Bxa3 22. Bxg7 Kxg7 23. Qa1+ Kg8 24. Qxa3 Qc5 25. Qa4 a5 26. Qg4+ Kf8 1/2-1/2

[Event "Chefchaouen op 17th"]
[Site "Chefchaouen"]
[Date "2018.07.27"]
[Round "6"]
[White "Strikovic, Aleksa"]
[Black "Nassr, Ali"]
[Result "1-0"]
[WhiteElo "2481"]
[BlackElo "2250"]
[PlyCount "69"]
[EventDate "2018.07.23"]
[EventType "swiss"]
[EventRounds "9"]
[EventCountry "MAR"]
[SourceTitle "EXT 2020"]
[Source "ChessBase"]
[SourceDate "2019.10.17"]
[SourceVersion "1"]
[SourceVersionDate "2019.10.17"]
[SourceQuality "1"]

1. d4 Nf6 2. Nf3 e6 3. g3 d5 4. Bg2 Be7 5. 0-0 0-0 6. c4 b6 7. Nc3 Bb7 8. Ne5 Nbd7 9. Qa4 c6 10. Nxc6 Bxc6 11. Qxc6 Rc8 12. Qa4 Rxc4 13. Qd1 a6 14. Qd3 b5 15. a4 b4 16. Nb1 Qb6 17. e3 Rfc8 18. Nd2 R4c7 19. a5 Qa7 20. Nb3 h6 21. Rd1 Qb7 22. Bf1 Rc6 23. Bd2 Ne4 24. Be1 Nd6 25. f3 Nc4 26. Qe2 Bg5 27. Bf2 Qb8 28. e4 dxe4 29. fxe4 Nd6 30. e5 Rc2 31. Qd3 Nb5 32. Nc5 R2xc5 33. dxc5 Nxe5 34. Qb3 Be7 35. Rac1 1-0

[Event "ALG-ch"]
[Site "Oran"]
[Date "2018.07.18"]
[Round "7"]
[White "Nassr, Ali"]
[Black "Fellah, Mohamed Amine"]
[Result "1-0"]
[WhiteElo "2250"]
[BlackElo "2113"]
[PlyCount "67"]
[EventDate "2018.07.12"]
[EventType "tourn"]
[EventRounds "7"]
[EventCountry "ALG"]
[SourceTitle "EXT 2019"]
[Source "ChessBase"]
[SourceDate "2018.10.10"]
[SourceVersion "1"]
[SourceVersionDate "2018.10.10"]
[SourceQuality "1"]

1. d4 Nf6 2. Nf3 e6 3. Bf4 b6 4. e3 Bb7 5. Bd3 Be7 6. h3 0-0 7. 0-0 c5 8. c3 d5 9. Nbd2 Nbd7 10. Ne5 Ne4 11. Nxe4 dxe4 12. Bb5 Nxe5 13. Bxe5 Bd6 14. Bxd6 Qxd6 15. dxc5 Qxc5 16. Be2 Rfd8 17. Qc2 Rd6 18. Rfd1 Rad8 19. Rxd6 Rxd6 20. Rd1 g6 21. Rxd6 Qxd6 22. Qa4 a5 23. Qc2 Bd5 24. b3 a4 25. Qd2 axb3 26. axb3 Qc5 27. c4 Bc6 28. b4 Qe7 29. Qc3 Qb7 30. Qe5 Qa8 31. h4 Qf8 32. b5 Be8 33. Qb8 Qe7 34. Qxb6 1-0

[Event "ALG-ch"]
[Site "Oran"]
[Date "2018.07.16"]
[Round "5"]
[White "Idjeri, Yanis"]
[Black "Nassr, Ali"]
[Result "1/2-1/2"]
[WhiteElo "1887"]
[BlackElo "2250"]
[PlyCount "134"]
[EventDate "2018.07.12"]
[EventType "tourn"]
[EventRounds "7"]
[EventCountry "ALG"]
[SourceTitle "EXT 2019"]
[Source "ChessBase"]
[SourceDate "2018.10.10"]
[SourceVersion "1"]
[SourceVersionDate "2018.10.10"]
[SourceQuality "1"]

1. e4 c5 2. Nf3 Nf6 3. e5 Nd5 4. Nc3 Nc7 5. d4 cxd4 6. Nxd4 g6 7. Bc4 Bg7 8. Bf4 Ne6 9. Nxe6 fxe6 10. Qe2 Nc6 11. 0-0-0 Qa5 12. Rhe1 0-0 13. g3 g5 14. Bxg5 Qxe5 15. Qh5 Qa5 16. Bd3 h6 17. f4 Nb4 18. Bg6 Nc6 19. Qh4 Rf6 20. Bxf6 exf6 21. f5 Ne5 22. Qh5 d5 23. fxe6 Bxe6 24. Bf5 Bf7 25. Qe2 a6 26. a3 Bf8 27. Nb1 h5 28. Qd2 Qb6 29. Rf1 Nc4 30. Qc3 Bh6+ 31. Nd2 d4 32. Qb4 Qc7 33. Bd3 Bf8 34. Qxc4 Bxc4 35. Bxc4+ Kg7 36. Bd3 Be7 37. Rf5 Rh8 38. Nf3 Qd7 39. Rf1 Bd6 40. Kb1 Bc7 41. Nh4 Be5 42. Nf3 Qc7 43. Nxe5 Re8 44. Nf3 Qd6 45. Nh4 Re5 46. Rxf6 Qxf6 47. Rxf6 Kxf6 48. Kc1 Re1+ 49. Kd2 Rb1 50. b3 b5 51. Nf3 Ra1 52. Nxd4 Rxa3 53. Ke3 Ra1 54. Kf4 Re1 55. h3 Re5 56. g4 hxg4 57. hxg4 Rd5 58. Nf3 a5 59. Ke4 Rc5 60. Kd4 Rc8 61. g5+ Kg7 62. c4 a4 63. bxa4 bxa4 64. c5 Rb8 65. Nd2 a3 66. Bc4 a2 67. Bxa2 Rb2 1/2-1/2

[Event "ALG-ch"]
[Site "Oran"]
[Date "2018.07.14"]
[Round "3"]
[White "Bellahcene, Bilel"]
[Black "Nassr, Ali"]
[Result "1-0"]
[WhiteElo "2512"]
[BlackElo "2250"]
[PlyCount "97"]
[EventDate "2018.07.12"]
[EventType "tourn"]
[EventRounds "7"]
[EventCountry "ALG"]
[SourceTitle "EXT 2019"]
[Source "ChessBase"]
[SourceDate "2018.10.10"]
[SourceVersion "1"]
[SourceVersionDate "2018.10.10"]
[SourceQuality "1"]

1. e4 c5 2. Nf3 e6 3. d4 cxd4 4. Nxd4 Nf6 5. Nc3 Nc6 6. Ndb5 Bb4 7. a3 Bxc3+ 8. Nxc3 d5 9. Bd3 dxe4 10. Nxe4 Nxe4 11. Bxe4 Qxd1+ 12. Kxd1 f5 13. Bd3 e5 14. Be3 Kf7 15. Kc1 Be6 16. b3 Rhd8 17. Kb2 e4 18. Be2 Nd4 19. Bh5+ g6 20. Bd1 Rac8 21. a4 a6 22. a5 Nb5 23. c4 Nd4 24. Re1 Nc6 25. Be2 Rd7 26. Kc3 Ne5 27. f3 exf3 28. gxf3 Bd5 29. Rad1 Bc6 30. Rxd7+ Nxd7 31. c5 Ne5 32. Rf1 Re8 33. Bc1 Nd7 34. Bc4+ Kg7 35. Bb2 Kh6 36. Kd4 Nf6 37. Bc1+ Kg7 38. Bf4 Rd8+ 39. Bd6 Ne8 40. Ke5 Nxd6 41. cxd6 Re8+ 42. Kd4 Kf8 43. Kc5 Rd8 44. f4 Rc8 45. Be6 Bd7+ 46. Kd5 Bxe6+ 47. Kxe6 Rd8 48. Rd1 Ke8 49. Kf6 1-0

[Event "ALG-ch"]
[Site "Oran"]
[Date "2018.07.12"]
[Round "1"]
[White "Nassr, Ali"]
[Black "Talbi, Chafik"]
[Result "1/2-1/2"]
[WhiteElo "2250"]
[BlackElo "2251"]
[PlyCount "75"]
[EventDate "2018.07.12"]
[EventType "tourn"]
[EventRounds "7"]
[EventCountry "ALG"]
[SourceTitle "EXT 2019"]
[Source "ChessBase"]
[SourceDate "2018.10.10"]
[SourceVersion "1"]
[SourceVersionDate "2018.10.10"]
[SourceQuality "1"]

1. d4 Nf6 2. c4 e6 3. Bf4 d5 4. e3 Bb4+ 5. Nc3 0-0 6. Nf3 c6 7. Rc1 Qa5 8. Qb3 Nbd7 9. a3 Be7 10. h3 Ne4 11. Bd3 dxc4 12. Bxc4 Ndf6 13. 0-0 Nxc3 14. Rxc3 Nd5 15. Rcc1 Nxf4 16. exf4 Rd8 17. Rcd1 Qb6 18. Qc3 Bd7 19. Ne5 Be8 20. Rfe1 Bf6 21. Rd3 Qc7 22. b4 a5 23. Bb3 axb4 24. axb4 Qb6 25. Qc5 Qb5 26. Bc4 b6 27. Bxb5 bxc5 28. Bxc6 Bxc6 29. Nxc6 Rd6 30. b5 Bxd4 31. Nxd4 cxd4 32. Rb1 Rb8 33. Rb4 Kf8 34. Rdxd4 Rxb5 35. Rxb5 Rxd4 36. g3 g6 37. Kg2 h5 38. h4 1/2-1/2

[Event "ALG-ch sf"]
[Site "Oran"]
[Date "2018.05.02"]
[Round "4"]
[White "Nassr, Ali"]
[Black "Saim, Mohamed Ilias"]
[Result "1/2-1/2"]
[WhiteElo "2244"]
[BlackElo "2090"]
[PlyCount "41"]
[EventDate "2018.05.01"]
[EventType "swiss"]
[EventRounds "9"]
[EventCountry "ALG"]
[SourceTitle "CBM 184 Extra"]
[Source "ChessBase"]
[SourceDate "2018.06.28"]
[SourceVersion "1"]
[SourceVersionDate "2018.06.28"]
[SourceQuality "1"]

1. d4 c5 2. c3 Nf6 3. Nf3 e6 4. Bf4 b6 5. e3 Bb7 6. h3 Be7 7. Bd3 d6 8. 0-0 0-0 9. Nbd2 Nbd7 10. a3 Re8 11. Qe2 cxd4 12. cxd4 a6 13. Rac1 b5 14. e4 g6 15. Rfd1 Rc8 16. e5 Nd5 17. Bg3 dxe5 18. dxe5 Nc5 19. Bb1 Qb6 20. Ne4 Nxe4 21. Bxe4 1/2-1/2